000 00808cam a2200169 4500
001 ABS60885
008 000000n 000 0 eng u
035 _a(Sirsi) u101405
245 _aEgan - the race is on.
490 _aBuilding
_v264(8096) 9 July 1999, 20-51(21)
520 _a A special issue looking at the impact which the Egan Report has had on the construction industry, a year after its publication. Includes schemes nominated as demonstration projects, and assessment of how the key performance indicators work, a look at best practice, and a discussion of bar codes and electronic data interchange as a way of improving supply chain management.
650 _aPERFORMANCE INDICATORS
650 _aBEST PRACTICE
650 _aSUPPLY CHAIN MANAGEMENT
690 _aBUILT ENVIRONMENT
942 _n0
999 _c60549
_d60549